000
00221 a2200097 4500
001
57133
100
_a
245
_a
A Text Book of Physics V-I
260
_a
Allahabad
_b
Wheeler Pub
_c
1992
090
_c
35065
_d
35065
942
_a
NUST-CAE
_c
MONOGRAPH
_c
27853
999
_c
292206
_d
292206